000
00317nam a2200121Ia 4500
008
240624s9999 xx 000 0 und d
041
_a
eng
082
_a
005.1 HAS
100
_a
HASTED EDWARD
245
_a
SOFTWARE THAT SELLS A PRACTICAL GUIDE TO
260
_c
2005
_a
Indiana
_b
John Wiley and Sons
300
_a
379 : p.
999
_c
14739
_d
14739